Des célébrités portant les initiales C - Statistiques

Statistiques générales
  • Ce quiz a été pris 128 fois
  • Le résultat moyen est 10 sur 23
Statistiques - réponses
Code Indice Célébrité % Correct
CA Chanteur français légendaire, « La Bohème ». Charles Aznavour
100%
CC Icône du cinéma muet, acteur et réalisateur britannique. Charlie Chaplin
93%
CR Footballeur portugais, superstar du football mondial. Cristiano Ronaldo
91%
CL Pilote automobile monégasque Charles Leclerc
73%
CG Révolutionnaire marxiste argentin, icône des luttes sociales. Che Guevara
70%
CK Footballeur français, champion du monde 1998. Christian Karembeu
56%
CE Acteur américain célèbre pour son rôle de Captain America Chris Evans
53%
CD Actrice américaine célèbre (The Mask, Charlie's Angels). Cameron Diaz
51%
CM Chanteur du groupe Coldplay. Chris Martin
49%
CF Cycliste britannique, quadruple vainqueur du Tour de France. Christopher Froome
49%
CP Acteur américain, star de blockbusters (Guardians of the Galaxy). Chris Pratt
42%
CI YouTubeur et humoriste français très populaire. Cyprien Iov
42%
CZ Réalisateur et scénariste français, spécialiste de la comédie (Les Sous-doués) Claude Zidi
42%
CB Chanteur américain R&B/pop connu pour ses tubes. Chris Brown
38%
CX Personnage fictif célèbre des X-Men. Charles Xavier
30%
CS Footballeur néerlandais, quadruple vainqueur de la Ligue des champions. Clarence Seedorf
25%
CU Entraîneur français de rugby (Castres, Clermont-Ferrand) Christophe Urios
22%
CT Acteur et humoriste américain (Rush Hour). Chris Tucker
19%
CJ Acteur américain (notamment Hamilton). Chris Jackson
5%
CH Actrice autrichienne célèbre. Chris Hemsworth
2%
CV Chanteur colombien très populaire. Carlos Vives
1%
CW Journaliste américain réputé. Chris Wallace
1%
CN Animateur et comédien américain de talk-shows. Chuck Norris
0%
Aucun quiz correspondant
Distribution des résultats
% des personnes avec chaque résultat
Percentile par nombre de réponses
Votre historique - résultats
Vous n’avez pas pris ce quiz